000 00514nam a2200181Ia 4500
999 _c29708
_d29708
003 OSt
005 20210108122140.0
008 190216s9999||||xx |||||||||||||| ||und||
020 _a9788126406395
040 _coclc
082 _a894.812301
_bPAR/P
100 _aParakadavu, P K
_95449
245 0 _aPriyappetta Kochukathakal /
_cP K Parakadavu
260 _bDc Books,
_c2010.
_aKottayam:
300 _a60p
650 _aKathakal
942 _cBK
_2ddc
_h894.812301
_iPAR/P
_k894.812301
_mPAR/P